000 01244nam a2200301 i 4500
001 bg
003 KOSZ 005
005 20251211063327.0
008 080130s1967 pl a f f 000 0 pol
015 _aPB 1967/6606
040 _aWA N
_cKOSZ 005/RW
_dKOSZ 005/RW
080 _a69(075):658.2/.5(075)
100 1 _aKotyński, Stanisław
_eAutor
245 1 0 _aOrganizacja i ekonomika budownictwa /
_cS. Kotyński, A. Siennicki, W. Obtułowicz.
250 _aWyd. 5 popr.
260 _aWarszawa :
_bPaństwowe Wydawnictwo Szkolnictwa Zawodowego,
_c1967.
300 _a362, [1] s., [3] k. tabl. :
_bil. ;
_c23 cm.
380 _aKsiążki.
521 8 _aZatwierdz. przez Min. Oświaty dla kl. 2 i 3 technikum budowlanego. - Również dla personelu technicznego i kursów przyzakładowych.
650 4 _aBudownictwo
_xekonomika.
650 4 _aBudownictwo
_xorganizacja.
655 4 _aPodręczniki dla szkół zawodowych
700 1 _aSiennicki, Andrzej
700 1 _aObtułowicz, Wojciech.
710 2 _aPaństwowe Wydawnictwo Szkolnictwa Zawodowego
_4pbl.
856 _uhttp://koha.tu.koszalin.pl/cgi-bin/koha/opac-detail.pl?biblionumber=11422
_yKatalog online BPK
942 _2UKD
_cKS
999 _c11422
_d11422